000 00668nam a22001817a 4500
005 20260303143901.0
008 260303b |||||||| |||| 00| 0 eng d
020 _a9789387791138
040 _cVITAP
082 _223
_a500 PAR
100 _aParthasarathy, Malini Ed.
_917184
245 _aThe Hindu Speaks on Scientific Facts, Volume III
_c/ Dr. Malini Parthasarathy Ed.
260 _aChennai
_bTHG Publishing Pvt. Ltd.
_c2025
300 _axxviii, 505p, ill.: 21cm
500 _aIt include index pages
650 0 _aPhysical Sciences, Earth & Environmental Sciences, Life Sciences, Science & Technology, Scientific Temper & Research etc.
_917185
942 _2ddc
_cBK
999 _c47318
_d47318